| 000 | 00872nam a22002057a 4500 | ||
|---|---|---|---|
| 999 |
_c1112 _d1112 |
||
| 003 | AR-CdUCM | ||
| 008 | 190226b ||||| |||| 00| 0 spa d | ||
| 040 |
_aMUNICIPALIDAD PROVINCIAL DEL CUSCO _cBIBLIOTECA MUNICIPAL DEL CUSCO |
||
| 082 |
_a347.7 / _bB22L |
||
| 110 |
_aBanco Central de Reserva del Perú _91201 |
||
| 245 | _aLegislación / | ||
| 260 |
_aLima : _bImp. Casa Nacional de la Moneda, _c1959. |
||
| 300 |
_a351 páginas ; _c19.2 cm |
||
| 505 | _aContenido: Acuerdos internacionales -- Acuñación -- Alimentos -- Bancos -- Banco de Fomento Agropecuario del Perú -- Banco Central de Reserva del Perú -- Banco Central Hipotecario del Perú -- Banco de exportación e Importación Washington... | ||
| 650 |
_aDecretos supremos - Perú _94351 |
||
| 650 |
_aLegislación _94352 |
||
| 650 |
_aBancos _94353 |
||
| 942 |
_2ddc _cLIBROS |
||
| 945 |
_alccs _d2019-02-26 |
||